| 000 | 01499nam a2200217 a 4500 | ||
|---|---|---|---|
| 001 | 001094032 | ||
| 003 | AM-YeHGA | ||
| 005 | 20250617151527.0 | ||
| 008 | 150724s1978 ru r 000 0 rus d | ||
| 040 | _aAM-YeHGA | ||
| 041 | 0 | _arus | |
| 100 | 1 | _aМакаров, В.А. | |
| 245 | 1 | 0 |
_aВетеринарно-санитарная экспертиза туш и органов животных при отравлении и санитарная оценка пищевых продуктов, содержащих остаточные количества токсических веществ : _bЛекция для студентов ветеринарных и ветеринарно-биологического факультетов и ветеринарных врачей, обучающихся на факультетах повышения квалификации / _cВ.А. Макаров; МСХ СССР; Моск. ветерин. ак. им. К.И. Скрябина, Каф. ветерин.-санит. экспертизы. |
| 260 |
_aМ. : _bБ. и., _c1978. |
||
| 300 |
_a44 с. ; _c21 см. |
||
| 650 | 1 | 4 | _aСанитария |
| 653 | 0 | _aПищевые отравления | |
| 710 | 2 | _aМинистерство сельского хозяйства СССР | |
| 710 | 2 |
_aМосковская ветеринарная академия им. К.И. Скрябина. _bКафедра ветеринарно-санитарной экспертизы |
|
| 090 | _c354800 | ||
| 999 |
_c352984 _d352984 |
||